000 00836nam a2200289 i 4500
003 DO-SdBNP
005 20231005135915.0
007 ta
008 110413s2015 gt ao 000 0 spa d
040 _aDO-SdBNP
_bspa
_cBNPHU
_erda
082 _bL973s
_222
100 _aLutero, Martín
_eautor
_984390
110 _936704
245 1 0 _aSobre el comercio y la usura /
_cMartín Lutero ; traducción de Esteve Serra
264 _aBarcelona:
_bLos pequeños Libros de la Sabiduria,
_c2015.
300 _a133 páginas ;
_c22 cm.
336 _2rdacontent
_atexto
_btxt
337 _2rdamedia
_asin mediación
_bn
338 _2rdacarrier
_avolumen
_bnc
590 _aInventariado, 2023/ DG
650 _921180
650 _95393
700 1 _aserra, Esteve
_etraductor
_974398
700 _984392
910 _aDG
942 _2ddc
_cLBS1
999 _c55092
_d55092